Limit theorems for convolutions
Guardat en:
| Autor principal: | |
|---|---|
| Format: | Llibre |
| Idioma: | anglès |
| Publicat: |
Estocolmo
Almqvist and Wiksell
1963
|
| Matèries: | |
| Etiquetes: |
Afegir etiqueta
Sense etiquetes, Sigues el primer a etiquetar aquest registre!
|
MARC
| LEADER | 00000cam a2200000 a 4500 | ||
|---|---|---|---|
| 001 | UCF2487 | ||
| 003 | CL-VaPUC | ||
| 008 | 120824e19630000SW |||||||||||||||||eng|d | ||
| 082 | 0 | 4 | |a 515.2433 |b BER |2 21 |
| 100 | 0 | |a Bergstrom, Harald |e author |9 564144 | |
| 245 | 1 | 0 | |a Limit theorems for convolutions |
| 300 | |a 347 p | ||
| 942 | |c BK | ||
| 945 | |d 20120824 00:00:00 |a dcastane | ||
| 260 | |a Estocolmo |b Almqvist and Wiksell |c 1963 | ||
| 650 | 0 | |a Análisis armónico |9 269929 | |
| 650 | 7 | |a FUNCIONES CONVEXAS |2 CL-VaPUC |9 271278 | |
| 650 | 7 | |a CONVOLUCIONES MATEMATICAS |2 CL-VaPUC |9 270573 | |
| 583 | |a last modification |c 20120824 12:41:00 |k Rodrigo Vera | ||
| 999 | |c 349048 |d 349046 | ||
| 952 | |0 0 |1 0 |4 0 |6 515_243300000000000_BER_1963 |7 0 |8 A |9 451427 |a BIBMAT |b BIBMAT |d 2019-11-22 |i 4888987 |o 515.2433 BER 1963 |p 4888987 |r 2025-01-07 |w 2019-11-22 |y BK |k MAT | ||